[Event "World Youth & Cadets Rapid Championships"]
[Site "Rhodes, Greece"]
[Date "2022.05.02"]
[Round "6.2"]
[White "Koziorowicz, Michal"]
[Black "Goroshkov, Maksym"]
[Result "0-1"]
[TimeControl "10'/game & 5\"/move"]
[WhiteElo "2076"]
[BlackElo "2115"]

1. e4 {[%clk 00:10:09]} {[%emt 00:09:56]} e5 {[%clk 00:10:09]} 2. Bc4 {[%clk
00:10:13]} {[%emt 00:00:02]} Nf6 {[%clk 00:10:11]} {[%emt 00:00:03]} 3. d3
{[%clk 00:10:16]} {[%emt 00:00:01]} Nc6 {[%clk 00:10:13]} {[%emt 00:00:03]} 4.
Nc3 {[%clk 00:10:19]} {[%emt 00:00:02]} Be7 {[%clk 00:10:11]} {[%emt 00:00:07]}
5. f4 {[%clk 00:10:22]} {[%emt 00:00:02]} d6 {[%clk 00:10:14]} {[%emt
00:00:02]} 6. Nf3 {[%clk 00:10:23]} {[%emt 00:00:04]} Bg4 {[%clk 00:10:01]}
{[%emt 00:00:18]} 7. O-O {[%clk 00:09:41]} {[%emt 00:00:46]} O-O {[%clk
00:09:09]} {[%emt 00:00:57]} 8. h3 {[%clk 00:09:34]} {[%emt 00:00:12]} Bxf3
{[%clk 00:09:10]} {[%emt 00:00:05]} 9. Qxf3 {[%clk 00:09:37]} {[%emt 00:00:02]}
Nd4 {[%clk 00:09:09]} {[%emt 00:00:06]} 10. Qf2 {[%clk 00:09:38]} {[%emt
00:00:04]} c6 {[%clk 00:09:05]} {[%emt 00:00:10]} 11. a4 {[%clk 00:08:50]}
{[%emt 00:00:51]} Ne6 {[%clk 00:08:05]} {[%emt 00:01:06]} 12. Ne2 {[%clk
00:07:40]} {[%emt 00:01:15]} exf4 {[%clk 00:07:28]} {[%emt 00:00:43]} 13. Nxf4
{[%clk 00:07:23]} {[%emt 00:00:21]} d5 {[%clk 00:07:06]} {[%emt 00:00:28]} 14.
exd5 {[%clk 00:07:10]} {[%emt 00:00:18]} cxd5 {[%clk 00:07:10]} {[%emt
00:00:01]} 15. Bb3 {[%clk 00:06:58]} {[%emt 00:00:16]} Nc5 {[%clk 00:05:54]}
{[%emt 00:01:21]} 16. Ba2 {[%clk 00:06:22]} {[%emt 00:00:41]} Rc8 {[%clk
00:05:36]} {[%emt 00:00:23]} 17. Bb1 {[%clk 00:05:21]} {[%emt 00:01:06]} d4
{[%clk 00:05:21]} {[%emt 00:00:21]} 18. Ba2 {[%clk 00:04:00]} {[%emt 00:01:26]}
Bd6 {[%clk 00:05:25]} 19. Bc4 {[%clk 00:03:55]} {[%emt 00:00:09]} Ncd7 {[%clk
00:05:12]} {[%emt 00:00:18]} 20. Bd2 {[%clk 00:03:51]} {[%emt 00:00:10]} Ne4
{[%emt 00:00:24]} 21. Qe2 {[%clk 00:03:38]} {[%emt 00:00:17]} Ng3 {[%clk
00:04:54]} {[%emt 00:00:04]} 22. Qg4 {[%clk 00:03:19]} {[%emt 00:00:24]} Nxf1
{[%clk 00:04:44]} {[%emt 00:00:15]} 23. Nh5 {[%clk 00:03:18]} {[%emt 00:00:06]}
g6 {[%clk 00:04:28]} {[%emt 00:00:21]} 24. Rxf1 {[%clk 00:03:21]} {[%emt
00:00:02]} Ne5 {[%clk 00:04:22]} {[%emt 00:00:11]} 25. Nf6+ {[%clk 00:02:28]}
{[%emt 00:00:58]} Qxf6 {[%clk 00:04:26]} {[%emt 00:00:02]} 26. Rxf6 {[%clk
00:02:31]} {[%emt 00:00:02]} Nxg4 {[%clk 00:04:30]} 27. hxg4 {[%clk 00:02:30]}
{[%emt 00:00:05]} Be5 {[%clk 00:04:28]} {[%emt 00:00:07]} 28. Rf3 {[%clk
00:02:30]} {[%emt 00:00:04]} Rc7 {[%clk 00:04:20]} {[%emt 00:00:15]} 29. Rf2
{[%clk 00:02:18]} {[%emt 00:00:17]} Kg7 {[%clk 00:04:08]} {[%emt 00:00:16]} 30.
Re2 {[%clk 00:02:19]} {[%emt 00:00:03]} Re8 {[%clk 00:04:03]} {[%emt 00:00:11]}
31. Kf1 {[%clk 00:01:56]} {[%emt 00:00:28]} a6 {[%clk 00:03:56]} {[%emt
00:00:13]} 32. a5 {[%clk 00:01:41]} {[%emt 00:00:19]} f6 {[%clk 00:03:21]}
{[%emt 00:00:41]} 33. Bb4 {[%clk 00:01:43]} {[%emt 00:00:03]} Rd8 {[%clk
00:03:00]} {[%emt 00:00:26]} 34. g5 {[%clk 00:01:36]} {[%emt 00:00:11]} Rc6
{[%clk 00:02:12]} {[%emt 00:00:53]} 35. Ba3 {[%clk 00:01:06]} {[%emt 00:00:35]}
h6 {[%clk 00:01:59]} {[%emt 00:00:18]} 36. gxf6+ {[%clk 00:00:54]} {[%emt
00:00:17]} Rxf6+ {[%clk 00:02:04]} 37. Kg1 {[%clk 00:00:58]} {[%emt 00:00:01]}
Bd6 {[%clk 00:01:21]} {[%emt 00:00:48]} 38. Bxd6 {[%clk 00:01:01]} {[%emt
00:00:02]} Rfxd6 {[%clk 00:01:24]} {[%emt 00:00:02]} 39. Re7+ {[%clk 00:01:05]}
{[%emt 00:00:01]} Kf6 {[%clk 00:01:28]} {[%emt 00:00:01]} 40. Rxb7 {[%clk
00:01:07]} {[%emt 00:00:03]} Ke5 {[%clk 00:01:22]} {[%emt 00:00:11]} 41. Re7+
{[%clk 00:01:08]} {[%emt 00:00:03]} Kf4 {[%clk 00:01:22]} {[%emt 00:00:06]} 42.
Kf2 {[%clk 00:01:07]} {[%emt 00:00:05]} Rf8 {[%clk 00:01:19]} {[%emt 00:00:09]}
43. Re4+ {[%clk 00:00:50]} {[%emt 00:00:21]} Kg5+ {[%clk 00:01:22]} {[%emt
00:00:02]} 44. Kg3 {[%clk 00:00:54]} h5 {[%clk 00:01:22]} {[%emt 00:00:06]} 45.
c3 {[%clk 00:00:55]} {[%emt 00:00:04]} dxc3 {[%clk 00:01:18]} {[%emt 00:00:09]}
46. bxc3 {[%clk 00:00:59]} Rf5 {[%clk 00:01:22]} 47. d4 {[%clk 00:00:24]}
{[%emt 00:00:40]} Rxa5 {[%clk 00:01:26]} 48. d5 {[%clk 00:00:16]} {[%emt
00:00:12]} Rc5 {[%clk 00:01:25]} {[%emt 00:00:06]} 49. Kf3 {[%clk 00:00:16]}
{[%emt 00:00:06]} Rc7 {[%clk 00:00:52]} {[%emt 00:00:37]} 50. Ke3 {[%clk
00:00:18]} {[%emt 00:00:03]} a5 {[%clk 00:00:46]} {[%emt 00:00:12]} 51. Kd4
{[%clk 00:00:19]} {[%emt 00:00:04]} a4 {[%clk 00:00:38]} {[%emt 00:00:14]} 52.
Ba2 {[%clk 00:00:18]} {[%emt 00:00:05]} Rb6 {[%clk 00:00:39]} {[%emt 00:00:04]}
53. Re2 {[%clk 00:00:08]} {[%emt 00:00:15]} a3 {[%clk 00:00:42]} {[%emt
00:00:02]} 54. Bc4 {[%clk 00:00:12]} {[%emt 00:00:01]} Rb2 {[%clk 00:00:42]}
{[%emt 00:00:05]} 55. Re6 {[%clk 00:00:13]} {[%emt 00:00:04]} Ra7 {[%clk
00:00:32]} {[%emt 00:00:15]} 56. Re1 {[%clk 00:00:13]} {[%emt 00:00:05]} Rxg2
{[%clk 00:00:26]} {[%emt 00:00:10]} 57. d6 {[%clk 00:00:16]} {[%emt 00:00:02]}
Rd2+ {[%clk 00:00:30]} 58. Kc5 {[%clk 00:00:20]} {[%emt 00:00:01]} Rd7 {[%clk
00:00:32]} {[%emt 00:00:04]} 59. Ra1 {[%clk 00:00:18]} {[%emt 00:00:07]} R7xd6
{[%clk 00:00:28]} {[%emt 00:00:09]} 60. Rxa3 {[%clk 00:00:21]} Rd8 {[%clk
00:00:32]} 61. Be6 {[%clk 00:00:22]} {[%emt 00:00:04]} Re8 {[%clk 00:00:31]}
{[%emt 00:00:07]} 62. Bd5 {[%clk 00:00:26]} {[%emt 00:00:01]} Rc8+ {[%clk
00:00:33]} {[%emt 00:00:03]} 0-1

[Event "World Youth & Cadets Rapid Championships"]
[Site "Rhodes, Greece"]
[Date "2022.05.02"]
[Round "6.3"]
[White "Tobak, Mikhail"]
[Black "Chyzy, Jakub"]
[Result "0-1"]
[TimeControl "10'/game & 5\"/move"]
[WhiteElo "2159"]
[BlackElo "1951"]

1. g3 {[%clk 00:10:09]} Nf6 {[%clk 00:10:03]} {[%emt 00:00:08]} 2. Bg2 {[%clk
00:10:12]} {[%emt 00:00:01]} d5 {[%clk 00:09:57]} {[%emt 00:00:12]} 3. d3
{[%clk 00:10:10]} {[%emt 00:00:07]} Bf5 {[%clk 00:09:44]} {[%emt 00:00:17]} 4.
Nf3 {[%clk 00:10:11]} {[%emt 00:00:04]} e6 {[%clk 00:09:37]} {[%emt 00:00:13]}
5. O-O {[%clk 00:10:11]} {[%emt 00:00:05]} h6 {[%clk 00:09:40]} {[%emt
00:00:02]} 6. b3 {[%clk 00:10:14]} {[%emt 00:00:02]} Be7 {[%clk 00:09:33]}
{[%emt 00:00:13]} 7. Bb2 {[%clk 00:10:17]} {[%emt 00:00:01]} O-O {[%clk
00:09:35]} {[%emt 00:00:03]} 8. Nbd2 {[%clk 00:10:20]} {[%emt 00:00:02]} c5
{[%clk 00:09:23]} {[%emt 00:00:17]} 9. Ne5 {[%clk 00:10:08]} {[%emt 00:00:17]}
Nc6 {[%emt 00:01:19]} 10. e4 {[%clk 00:09:49]} {[%emt 00:00:22]} Bh7 {[%clk
00:07:38]} {[%emt 00:00:38]} 11. Nxc6 {[%clk 00:09:41]} {[%emt 00:00:13]} bxc6
{[%clk 00:07:42]} 12. Qe2 {[%clk 00:09:38]} {[%emt 00:00:08]} a5 {[%clk
00:07:28]} {[%emt 00:00:20]} 13. a4 {[%clk 00:09:27]} {[%emt 00:00:15]} Rb8
{[%clk 00:06:51]} {[%emt 00:00:42]} 14. Rad1 {[%clk 00:08:58]} {[%emt
00:00:33]} Nd7 {[%clk 00:05:43]} {[%emt 00:01:14]} 15. f4 {[%clk 00:08:49]}
{[%emt 00:00:14]} Bf6 {[%clk 00:05:42]} {[%emt 00:00:06]} 16. e5 {[%clk
00:07:57]} {[%emt 00:00:57]} Be7 {[%clk 00:05:46]} 17. Bh3 {[%clk 00:08:01]}
{[%emt 00:00:02]} c4 {[%clk 00:05:41]} {[%emt 00:00:10]} 18. f5 {[%clk
00:07:11]} {[%emt 00:00:54]} cxd3 {[%clk 00:05:20]} {[%emt 00:00:27]} 19. Qxd3
{[%clk 00:06:41]} {[%emt 00:00:35]} Nc5 {[%clk 00:05:24]} {[%emt 00:00:02]} 20.
Qf3 {[%clk 00:06:40]} {[%emt 00:00:04]} exf5 {[%clk 00:04:54]} {[%emt
00:00:35]} 21. Bxf5 {[%clk 00:06:38]} {[%emt 00:00:07]} Bxf5 {[%clk 00:04:55]}
{[%emt 00:00:05]} 22. Qxf5 {[%clk 00:06:40]} {[%emt 00:00:02]} Ne6 {[%clk
00:04:35]} {[%emt 00:00:26]} 23. Nf3 {[%clk 00:06:21]} {[%emt 00:00:23]} Bc5+
{[%clk 00:03:52]} {[%emt 00:00:49]} 24. Kg2 {[%clk 00:06:16]} {[%emt 00:00:08]}
Qe7 {[%clk 00:03:55]} {[%emt 00:00:04]} 25. Bc1 {[%clk 00:05:35]} {[%emt
00:00:46]} Rfe8 {[%clk 00:03:01]} {[%emt 00:00:59]} 26. Qg4 {[%clk 00:05:26]}
{[%emt 00:00:13]} Rb4 {[%clk 00:03:03]} {[%emt 00:00:03]} 27. Qf5 {[%clk
00:04:48]} {[%emt 00:00:43]} Nd4 {[%clk 00:02:04]} {[%emt 00:01:05]} 28. Nxd4
{[%clk 00:04:48]} {[%emt 00:00:04]} Bxd4 {[%clk 00:02:06]} {[%emt 00:00:04]} 29.
Ba3 {[%clk 00:04:25]} {[%emt 00:00:28]} Bxe5 {[%clk 00:01:26]} {[%emt
00:00:44]} 30. Bxb4 {[%clk 00:04:26]} {[%emt 00:00:05]} axb4 {[%clk 00:01:30]}
31. Rde1 {[%clk 00:04:25]} {[%emt 00:00:06]} f6 {[%clk 00:01:34]} {[%emt
00:00:01]} 32. Re2 {[%clk 00:04:12]} {[%emt 00:00:18]} c5 {[%clk 00:01:36]}
{[%emt 00:00:04]} 33. Qf3 {[%clk 00:03:58]} {[%emt 00:00:18]} Qe6 {[%clk
00:01:20]} {[%emt 00:00:21]} 34. Rd1 {[%clk 00:03:55]} {[%emt 00:00:08]} Rd8
{[%clk 00:01:11]} {[%emt 00:00:14]} 35. a5 {[%clk 00:03:27]} {[%emt 00:00:33]}
Kh8 {[%clk 00:01:03]} {[%emt 00:00:13]} 36. Qd3 {[%clk 00:03:08]} {[%emt
00:00:23]} Qc6 {[%clk 00:01:05]} {[%emt 00:00:03]} 37. Qf3 {[%clk 00:02:20]}
{[%emt 00:00:54]} Qb5 {[%clk 00:00:38]} {[%emt 00:00:32]} 38. g4 {[%clk
00:00:39]} {[%emt 00:01:46]} d4 {[%clk 00:00:13]} {[%emt 00:00:30]} 39. h4
{[%clk 00:00:24]} {[%emt 00:00:20]} Qxa5 {[%clk 00:00:11]} {[%emt 00:00:07]} 40.
g5 {[%clk 00:00:28]} Qa8 {[%clk 00:00:11]} {[%emt 00:00:05]} 41. gxh6 {[%clk
00:00:26]} {[%emt 00:00:07]} Qxf3+ {[%clk 00:00:15]} {[%emt 00:00:01]} 42. Kxf3
{[%clk 00:00:30]} {[%emt 00:00:01]} gxh6 {[%clk 00:00:19]} 43. Ke4 {[%clk
00:00:30]} {[%emt 00:00:05]} Kg7 {[%clk 00:00:10]} {[%emt 00:00:15]} 44. Ra1
{[%clk 00:00:30]} {[%emt 00:00:05]} Rd7 {[%clk 00:00:08]} {[%emt 00:00:07]} 45.
Ra5 {[%clk 00:00:26]} {[%emt 00:00:09]} Bd6 {[%clk 00:00:06]} {[%emt 00:00:07]}
46. Kd5 {[%clk 00:00:13]} {[%emt 00:00:18]} Bf8+ {[%clk 00:00:11]} 47. Kc6
{[%clk 00:00:15]} {[%emt 00:00:03]} Rd6+ {[%clk 00:00:15]} {[%emt 00:00:01]} 48.
Kc7 {[%clk 00:00:18]} {[%emt 00:00:02]} d3 {[%clk 00:00:13]} {[%emt 00:00:07]}
49. Rg2 {[%clk 00:00:18]} {[%emt 00:00:05]} Kf7 {[%clk 00:00:16]} {[%emt
00:00:02]} 50. cxd3 {[%clk 00:00:21]} {[%emt 00:00:02]} Rxd3 {[%clk 00:00:19]}
51. Rf2 {[%clk 00:00:23]} {[%emt 00:00:04]} Rxb3 {[%clk 00:00:23]} {[%emt
00:00:03]} 52. Ra6 {[%clk 00:00:27]} Be7 {[%clk 00:00:27]} 53. Rc6 {[%clk
00:00:18]} {[%emt 00:00:14]} Rc3 {[%clk 00:00:30]} {[%emt 00:00:03]} 54. Re2
{[%clk 00:00:20]} {[%emt 00:00:02]} b3 {[%clk 00:00:30]} {[%emt 00:00:05]} 55.
Rce6 {[%clk 00:00:18]} {[%emt 00:00:06]} Bf8 {[%clk 00:00:35]} {[%emt
00:00:01]} 56. Rb6 {[%clk 00:00:16]} {[%emt 00:00:07]} c4 {[%clk 00:00:35]}
{[%emt 00:00:06]} 57. Rf2 {[%clk 00:00:18]} {[%emt 00:00:02]} Be7 {[%clk
00:00:39]} 58. Kc6 {[%clk 00:00:18]} {[%emt 00:00:05]} Rc2 {[%clk 00:00:43]} 59.
Rf3 {[%clk 00:00:10]} {[%emt 00:00:12]} b2 {[%clk 00:00:47]} 60. Kd5 {[%clk
00:00:14]} {[%emt 00:00:02]} c3 {[%clk 00:00:51]} {[%emt 00:00:01]} 61. Kc4
{[%clk 00:00:17]} {[%emt 00:00:02]} Rc1 {[%clk 00:00:52]} {[%emt 00:00:04]} 62.
Rxc3 {[%clk 00:00:18]} {[%emt 00:00:04]} b1=Q {[%clk 00:00:56]} {[%emt
00:00:01]} 63. Rxb1 {[%clk 00:00:21]} {[%emt 00:00:02]} Rxb1 {[%clk 00:01:00]}
0-1

[Event "World Youth & Cadets Rapid Championships"]
[Site "Rhodes, Greece"]
[Date "2022.05.02"]
[Round "6.4"]
[White "Rakhmatullaev, Almas"]
[Black "Ince, Taylan Ruzgar"]
[Result "1-0"]
[TimeControl "10'/game & 5\"/move"]
[WhiteElo "2050"]
[BlackElo "2018"]

1. e4 {[%clk 00:10:07]} {[%emt 00:00:01]} e6 {[%clk 00:10:02]} {[%emt
00:00:08]} 2. d4 {[%clk 00:10:00]} {[%emt 00:00:12]} d5 {[%clk 00:10:06]}
{[%emt 00:00:02]} 3. Nc3 {[%clk 00:10:04]} {[%emt 00:00:01]} Bb4 {[%clk
00:10:09]} {[%emt 00:00:02]} 4. Nge2 {[%clk 00:10:07]} {[%emt 00:00:03]} dxe4
{[%clk 00:10:12]} {[%emt 00:00:02]} 5. a3 {[%clk 00:10:10]} {[%emt 00:00:02]}
Be7 {[%clk 00:10:15]} {[%emt 00:00:01]} 6. Nxe4 {[%clk 00:10:13]} {[%emt
00:00:02]} Nf6 {[%clk 00:10:09]} {[%emt 00:00:11]} 7. Nxf6+ {[%clk 00:10:15]}
{[%emt 00:00:02]} Bxf6 {[%clk 00:10:13]} {[%emt 00:00:02]} 8. Be3 {[%clk
00:10:18]} {[%emt 00:00:02]} b6 {[%clk 00:08:56]} {[%emt 00:01:22]} 9. Qd2
{[%clk 00:10:06]} {[%emt 00:00:17]} Bb7 {[%clk 00:08:50]} {[%emt 00:00:10]} 10.
O-O-O {[%clk 00:10:02]} {[%emt 00:00:09]} Nd7 {[%clk 00:07:42]} {[%emt
00:01:14]} 11. Nf4 {[%clk 00:09:49]} {[%emt 00:00:18]} O-O {[%clk 00:07:19]}
{[%emt 00:00:29]} 12. d5 {[%clk 00:09:51]} {[%emt 00:00:02]} exd5 {[%clk
00:06:59]} {[%emt 00:00:25]} 13. Nxd5 {[%clk 00:09:43]} {[%emt 00:00:12]} Bxd5
{[%clk 00:07:02]} {[%emt 00:00:03]} 14. Qxd5 {[%clk 00:09:46]} {[%emt
00:00:02]} Ne5 {[%clk 00:07:06]} {[%emt 00:00:01]} 15. Qe4 {[%clk 00:08:47]}
{[%emt 00:01:04]} Qe7 {[%clk 00:07:08]} {[%emt 00:00:03]} 16. Be2 {[%clk
00:08:36]} Rad8 {[%clk 00:07:02]} {[%emt 00:00:28]} 17. Rhe1 {[%clk 00:07:49]}
Qe6 {[%clk 00:04:55]} {[%emt 00:03:04]} 18. Kb1 {[%clk 00:07:35]} Rxd1+ {[%clk
00:04:55]} 19. Rxd1 {[%clk 00:07:35]} Re8 {[%clk 00:03:52]} {[%emt 00:01:39]}
20. Qa4 {[%clk 00:06:10]} a5 {[%clk 00:03:41]} {[%emt 00:01:44]} 21. Bb5 {[%clk
00:06:02]} {[%emt 00:00:13]} Rd8 {[%clk 00:02:55]} {[%emt 00:00:51]} 22. Rxd8+
{[%clk 00:04:54]} {[%emt 00:01:13]} Bxd8 {[%clk 00:02:58]} {[%emt 00:00:01]} 23.
Qe4 {[%clk 00:04:38]} {[%emt 00:00:21]} c6 {[%clk 00:02:13]} {[%emt 00:00:50]}
24. Be2 {[%clk 00:04:24]} Bc7 {[%clk 00:02:13]} {[%emt 00:00:24]} 25. g3 {[%clk
00:03:45]} g6 {[%clk 00:01:47]} {[%emt 00:01:15]} 26. h4 {[%clk 00:03:06]} Nd7
{[%clk 00:01:33]} {[%emt 00:01:04]} 27. Qxe6 {[%clk 00:02:01]} fxe6 {[%clk
00:01:37]} {[%emt 00:01:11]} 28. Bf3 {[%clk 00:02:04]} Ne5 {[%clk 00:01:41]}
{[%emt 00:00:02]} 29. Be2 {[%clk 00:01:57]} Nd7 {[%clk 00:01:28]} {[%emt
00:00:30]} 30. c4 {[%clk 00:01:41]} Kf7 {[%clk 00:01:31]} {[%emt 00:00:24]} 31.
Kc2 {[%clk 00:01:42]} Ke7 {[%clk 00:00:50]} {[%emt 00:00:50]} 32. h5 {[%clk
00:01:37]} gxh5 {[%clk 00:00:41]} {[%emt 00:00:23]} 33. Bxh5 {[%clk 00:01:40]}
{[%emt 00:00:02]} c5 {[%clk 00:00:37]} {[%emt 00:00:10]} 34. Be2 {[%clk
00:01:22]} Be5 {[%clk 00:00:36]} {[%emt 00:00:29]} 35. Bc1 {[%clk 00:01:10]}
{[%emt 00:00:17]} Bd4 {[%clk 00:00:31]} {[%emt 00:00:10]} 36. f3 {[%clk
00:01:03]} {[%emt 00:00:12]} h5 {[%clk 00:00:28]} {[%emt 00:00:08]} 37. Bg5+
{[%clk 00:00:42]} {[%emt 00:00:26]} Bf6 {[%clk 00:00:22]} {[%emt 00:00:11]} 38.
f4 {[%clk 00:00:30]} {[%emt 00:00:17]} Bxg5 {[%clk 00:00:13]} {[%emt 00:00:14]}
39. fxg5 {[%clk 00:00:33]} {[%emt 00:00:01]} Nb8 {[%clk 00:00:16]} {[%emt
00:00:03]} 1-0

[Event "World Youth & Cadets Rapid Championships"]
[Site "Rhodes, Greece"]
[Date "2022.05.02"]
[Round "6.5"]
[White "Petrovskyi, Vadym"]
[Black "Pidluznij, Gleb"]
[Result "1/2-1/2"]
[TimeControl "10'/game & 5\"/move"]
[WhiteElo "2347"]
[BlackElo "2051"]

1. e4 {[%clk 00:10:09]} c5 {[%clk 00:10:08]} {[%emt 00:00:03]} 2. Nf3 {[%clk
00:10:12]} {[%emt 00:00:02]} Nc6 {[%clk 00:10:11]} {[%emt 00:00:02]} 3. d4
{[%clk 00:10:15]} {[%emt 00:00:01]} cxd4 {[%clk 00:10:14]} {[%emt 00:00:02]} 4.
Nxd4 {[%clk 00:10:19]} {[%emt 00:00:02]} Nf6 {[%clk 00:10:17]} {[%emt
00:00:01]} 5. Nc3 {[%clk 00:10:22]} {[%emt 00:00:02]} e5 {[%clk 00:10:21]}
{[%emt 00:00:02]} 6. Ndb5 {[%clk 00:10:22]} {[%emt 00:00:05]} d6 {[%clk
00:10:23]} {[%emt 00:00:03]} 7. Bg5 {[%clk 00:10:10]} {[%emt 00:00:16]} a6
{[%clk 00:10:26]} {[%emt 00:00:02]} 8. Na3 {[%clk 00:10:14]} {[%emt 00:00:01]}
b5 {[%clk 00:10:30]} {[%emt 00:00:02]} 9. Nd5 {[%clk 00:10:17]} {[%emt
00:00:02]} Be7 {[%clk 00:10:33]} {[%emt 00:00:01]} 10. Bxf6 {[%clk 00:10:20]}
{[%emt 00:00:02]} Bxf6 {[%clk 00:10:36]} {[%emt 00:00:02]} 11. c3 {[%clk
00:10:22]} {[%emt 00:00:03]} O-O {[%clk 00:10:37]} {[%emt 00:00:05]} 12. Nc2
{[%clk 00:10:24]} {[%emt 00:00:03]} Bg5 {[%clk 00:10:37]} {[%emt 00:00:04]} 13.
Be2 {[%clk 00:10:15]} {[%emt 00:00:14]} Be6 {[%clk 00:10:00]} {[%emt 00:00:43]}
14. O-O {[%clk 00:10:00]} {[%emt 00:00:18]} Kh8 {[%clk 00:09:09]} {[%emt
00:00:57]} 15. Nce3 {[%clk 00:08:28]} {[%emt 00:01:38]} Ne7 {[%clk 00:07:05]}
{[%emt 00:02:09]} 16. Qd3 {[%clk 00:06:56]} {[%emt 00:01:37]} Bxe3 {[%clk
00:05:45]} {[%emt 00:01:24]} 17. Nxe3 {[%clk 00:06:58]} {[%emt 00:00:03]} Qb6
{[%clk 00:05:46]} {[%emt 00:00:04]} 18. b4 {[%clk 00:05:47]} {[%emt 00:01:16]}
Qc6 {[%clk 00:04:29]} {[%emt 00:01:23]} 19. Rfd1 {[%clk 00:04:28]} {[%emt
00:01:24]} Rfd8 {[%clk 00:03:37]} {[%emt 00:00:57]} 20. Nd5 {[%clk 00:04:20]}
{[%emt 00:00:12]} Bxd5 {[%clk 00:02:56]} {[%emt 00:00:47]} 21. exd5 {[%clk
00:04:24]} {[%emt 00:00:01]} Qd7 {[%clk 00:02:49]} {[%emt 00:00:11]} 22. Rac1
{[%clk 00:03:17]} {[%emt 00:01:12]} Rab8 {[%clk 00:01:10]} {[%emt 00:01:44]} 23.
a3 {[%clk 00:02:55]} {[%emt 00:00:28]} Qa7 {[%clk 00:00:45]} {[%emt 00:00:28]}
24. c4 {[%clk 00:01:19]} {[%emt 00:01:43]} bxc4 {[%clk 00:00:46]} {[%emt
00:00:04]} 25. Qxc4 {[%clk 00:01:23]} {[%emt 00:00:01]} Ra8 {[%clk 00:00:23]}
{[%emt 00:00:27]} 26. Qc7 {[%clk 00:01:05]} {[%emt 00:00:23]} Nf5 {[%clk
00:00:21]} {[%emt 00:00:07]} 27. Bf1 {[%clk 00:00:25]} {[%emt 00:00:45]} Nd4
{[%clk 00:00:20]} {[%emt 00:00:06]} 28. Rc3 {[%clk 00:00:29]} {[%emt 00:00:02]}
Rd7 {[%clk 00:00:15]} {[%emt 00:00:10]} 29. Qa5 {[%clk 00:00:33]} {[%emt
00:00:01]} g6 {[%clk 00:00:14]} {[%emt 00:00:06]} 30. Rdc1 {[%clk 00:00:37]}
{[%emt 00:00:01]} h5 {[%clk 00:00:07]} {[%emt 00:00:12]} 31. Rc8+ {[%clk
00:00:34]} {[%emt 00:00:08]} Kg7 {[%clk 00:00:06]} {[%emt 00:00:06]} 32. R8c3
{[%clk 00:00:12]} {[%emt 00:00:26]} Rb7 {[%clk 00:00:07]} {[%emt 00:00:04]} 33.
h4 {[%clk 00:00:15]} {[%emt 00:00:03]} Qb6 {[%clk 00:00:10]} {[%emt 00:00:02]}
34. Qa4 {[%clk 00:00:18]} {[%emt 00:00:02]} e4 {[%clk 00:00:11]} {[%emt
00:00:04]} 35. Rc4 {[%clk 00:00:19]} {[%emt 00:00:03]} e3 {[%clk 00:00:08]}
{[%emt 00:00:09]} 36. Qd1 {[%clk 00:00:13]} {[%emt 00:00:11]} exf2+ {[%clk
00:00:11]} {[%emt 00:00:02]} 37. Kh1 {[%clk 00:00:17]} Nf5 {[%clk 00:00:14]}
{[%emt 00:00:02]} 38. Qf3 {[%clk 00:00:18]} {[%emt 00:00:04]} Re8 {[%clk
00:00:11]} {[%emt 00:00:07]} 39. Rc6 {[%clk 00:00:18]} {[%emt 00:00:05]} Qd4
{[%clk 00:00:14]} {[%emt 00:00:02]} 40. R6c4 {[%clk 00:00:23]} {[%emt
00:00:02]} Qe3 {[%clk 00:00:08]} {[%emt 00:00:10]} 41. R1c3 {[%clk 00:00:16]}
{[%emt 00:00:12]} Qe1 {[%clk 00:00:08]} {[%emt 00:00:04]} 42. Rc1 {[%clk
00:00:20]} {[%emt 00:00:02]} Qe3 {[%clk 00:00:11]} {[%emt 00:00:02]} 43. R1c3
{[%clk 00:00:25]} Qe1 {[%clk 00:00:08]} {[%emt 00:00:08]} 44. Rc1 {[%clk
00:00:29]} {[%emt 00:00:01]} Qe3 {[%clk 00:00:09]} {[%emt 00:00:04]} 45. R1c3
{[%clk 00:00:15]} {[%emt 00:00:20]} Qxf3 {[%emt 00:00:08]} 46. Rxf3 {[%emt
00:00:01]} Ne3 {[%emt 00:00:02]} 47. Rc1 {[%emt 00:00:02]} Nxd5 {[%emt
00:00:06]} 48. Rxf2 {[%emt 00:00:02]} 1/2-1/2